DTZ makes itself at home at top of share league (Record no. 76817)

MARC details
000 -LEADER
fixed length control field 00572cab a2200181 4500
001 - CONTROL NUMBER
control field ##L133139
008 - FIXED-LENGTH DATA ELEMENTS--GENERAL INFORMATION
fixed length control field 060418n2006 000 0 eng u
035 ## - SYSTEM CONTROL NUMBER
System control number (Sirsi) u133139
041 0# - LANGUAGE CODE
Language code of text/sound track or separate title eng
100 1# - MAIN ENTRY--PERSONAL NAME
Personal name Dover, Molly
245 00 - TITLE STATEMENT
Title DTZ makes itself at home at top of share league
260 ## - PUBLICATION, DISTRIBUTION, ETC.
Date of publication, distribution, etc. 2006
490 #0 - SERIES STATEMENT
Series statement Property Week
Volume/sequential designation 71(15) 14 April 2006, 16(1)
520 ## - SUMMARY, ETC.
Summary, etc. Presents a league table of the top 46 quoted property companies by share performance for the first quarter of 2006.
590 ## - LOCAL NOTE (RLIN)
Local note IKA250406
690 ## - LOCAL SUBJECT ADDED ENTRY--TOPICAL TERM (OCLC, RLIN)
Topical term or geographic name as entry element PROPERTY-PROPERTY MARKET
942 ## - ADDED ENTRY ELEMENTS (KOHA)
Suppress in OPAC 0
Holdings
Withdrawn status Lost status Source of classification or shelving scheme Damaged status Not for loan Home library Current library Shelving location Date acquired Total Checkouts Full call number Barcode Date last seen Copy number Price effective from Koha item type
    Dewey Decimal Classification     London London Journal article 18/04/2006   L133139 133139-1001 06/08/2019 1 06/08/2019 Journal article